Appleton & Lange's review for the USMLE step 1 /

Bibliographic Details
Corporate Author: Appleton & Lange
Other Authors: King, Michael W. (Michael William)
Format: Book
Language:English
Published: New York : McGraw-Hill, Medical Publishing Division, [2003]
Edition:4th ed.
Subjects:

MARC

Tag First Indicator Second Indicator Subfields
LEADER 00000pam a22000004a 4500
001 in00001716607
005 20151024175050.0
008 020228s2003 nyua b 000 0 eng c
010 |a  2002025495 
016 7 |a 101139606  |2 DNLM 
020 |a 0071377425 (alk. paper) 
020 |a 9780071377423 (alk. paper) 
035 |a (OCoLC)ocm49277672 
040 |a DNLM/DLC  |c DLC  |d NLM  |d C#P  |d TXA  |d UtOrBLW 
042 |a pcc 
049 |a TXAM 
050 1 0 |a R834.5  |b .A6634 2003 
060 1 0 |a W 18.2  |b A649 2002 
082 0 0 |a 610/.76  |2 21 
245 0 0 |a Appleton & Lange's review for the USMLE step 1 /  |c [edited by] Michael W. King. 
246 3 |a Appleton and Lange's review for the USMLE step 1 
246 3 0 |a Review for the USMLE step 1 
250 |a 4th ed. 
264 1 |a New York :  |b McGraw-Hill, Medical Publishing Division,  |c [2003] 
264 4 |c ©2003 
300 |a xiii, 481 pages :  |b illustrations (some color) ;  |c 28 cm. 
336 |a text  |b txt  |2 rdacontent 
337 |a unmediated  |b n  |2 rdamedia 
338 |a volume  |b nc  |2 rdacarrier 
504 |a Includes bibliographical references. 
650 0 |a Medicine  |v Examinations, questions, etc. 
650 0 |a Medicine  |v Outlines, syllabi, etc. 
700 1 |a King, Michael W.  |q (Michael William) 
710 2 |a Appleton & Lange. 
948 |a cataloged  |b h  |c 2002/11/25  |d c  |e jgreene  |f 4:26:33 pm 
994 |a E0  |b TXA 
999 |a MARS 
999 f f |s 88d5fe3c-1a81-3fc5-9542-0d1f70d79eed  |i f319e0fc-844b-3800-8fbb-86307af0c11a  |t 0 
952 f f |p ric  |a Texas A&M University  |b Rellis Campus  |c Joint Library Facility  |d Remote Storage  |t 0  |e R834.5 .A6634 2003  |h Library of Congress classification  |i unmediated -- volume  |m A14829543543 
998 f f |a R834.5 .A6634 2003  |t 0  |l Remote Storage